000 00392nam a2200145Ia 4500
008 230917s9999||||xx |||||||||||||| ||und||
040 _e154837
_aMAIN
041 _aEnglish
082 _a954.5 H213P
100 _aHarbans Singh
245 0 _aPunjab past and present : essays in honour of Dr. Ganda Singh
260 _aPatiala
_bPunjabi University
_c1976
300 _a511p p.
942 _cBK
999 _c198323
_d198323